Statistiques concernant Drapeaux par Couleurs et Nombre de Couleurs

Cliquez ici pour prendre le quiz!

Statistiques générales

  • Ce quiz a été pris 888 fois
  • Le résultat moyen est 16 sur 30

Statistiques - réponses

PaysNombre de CouleursCouleurRéponse% Correct
Albanie | Autriche | Bahreïn | Bangladesh | Canada | Chine | Danemark | Géorgie | Indonésie | Japon | Kirghizistan | Lettonie | Macédoine du Nord | Maroc | Monaco | Pérou | Pologne | Qatar | Singapour | Suisse | Tonga | Tunisie | Turquie | Vietnam2 couleurs
Rouge
🗸
97%
Algérie | Allemagne | Angola | Arménie | Australie | Belgique | Bénin | Biélorussie | Bolivie | Bulgarie | Burkina Faso | Burundi | Cameroun | Chili | Colombie | Corée du Nord | Costa Rica | Cuba | États-Unis | France | Grenade | Guinée | Hongrie | Iran | Islande | Italie | Laos | Liban | Liberia | Lituanie | Luxembourg | Madagascar | Malawi | Maldives | Mali | Mauritanie | Mongolie | Népal | Norvège | Nouvelle-Zélande | Oman | Panama | Pays-Bas | République Démocratique du Congo | République Tchèque | République du Congo | Roumanie | Royaume-Uni | Russie | Samoa | Slovaquie | Sénégal | Taïwan | Tchad | Thaïlande | Trinité-et-Tobago | Yémen3 couleursRouge🗸
90%
Argentine | Arménie | Australie | Bahamas | Barbade | Bosnie-Herzégovine | Botswana | Chili | Colombie | Corée du Nord | Costa Rica | Cuba | Estonie | États-Unis | France | Gabon | Îles Marshall | Islande | Kosovo | Laos | Liberia | Luxembourg | Mongolie | Nauru | Népal | Norvège | Nouvelle-Zélande | Panama | Pays-Bas | République Démocratique du Congo | République Tchèque | Roumanie | Royaume-Uni | Russie | Rwanda | Saint-Vincent-et-les-Grenadines | Samoa | Sierra Leone | Slovaquie | Taïwan | Tchad | Thaïlande3 couleursBleu🗸
90%
Algérie | Argentine | Australie | Biélorussie | Bosnie-Herzégovine | Botswana | Bulgarie | Burundi | Chili | Chypre | Corée du Nord | Costa Rica | Côte d’Ivoire | Cuba | Estonie | États-Unis | France | Hongrie | Îles Marshall | Iran | Irlande | Islande | Italie | Kosovo | Laos | Liban | Liberia | Luxembourg | Madagascar | Maldives | Nauru | Népal | Niger | Norvège | Nouvelle-Zélande | Oman | Panama | Pays-Bas | République Tchèque | Royaume-Uni | Russie | Sierra Leone | Slovaquie | Taïwan | Thaïlande | Trinité-et-Tobago | Yémen3 couleursBlanc🗸
86%
Afghanistan | Arabie Saoudite | Autriche | Bahreïn | Canada | Danemark | États fédérés de Micronésie | Finlande | Géorgie | Grèce | Honduras | Indonésie | Israël | Japon | Lettonie | Monaco | Nigeria | Pakistan | Pologne | Qatar | Singapour | Somalie | Suisse | Tonga | Tunisie | Turquie2 couleursBlanc🗸
83%
Algérie | Bénin | Biélorussie | Bolivie | Bulgarie | Burkina Faso | Burundi | Cameroun | Chypre | Côte d’Ivoire | Gabon | Grenade | Guinée | Hongrie | Iran | Irlande | Italie | Jamaïque | Liban | Lituanie | Madagascar | Malawi | Maldives | Mali | Mauritanie | Niger | Oman | République du Congo | Rwanda | Saint-Vincent-et-les-Grenadines | Sierra Leone | Sénégal3 couleursVert🗸
83%
Allemagne | Angola | Argentine | Arménie | Bahamas | Barbade | Belgique | Bénin | Bolivie | Bosnie-Herzégovine | Burkina Faso | Cameroun | Chypre | Colombie | Gabon | Grenade | Guinée | Jamaïque | Kosovo | Lituanie | Mali | Mauritanie | Mongolie | Nauru | République Démocratique du Congo | République du Congo | Roumanie | Rwanda | Saint-Vincent-et-les-Grenadines | Sénégal | Tchad3 couleursJaune🗸
74%
Allemagne | Angola | Bahamas | Barbade | Belgique | Botswana | Estonie | Jamaïque | Malawi | Trinité-et-Tobago | Yémen3 couleursNoir🗸
71%
États fédérés de Micronésie | Finlande | Grèce | Honduras | Israël | Kazakhstan | Palaos | Somalie | Suède | Ukraine2 couleursBleu🗸
71%
Chine | Kazakhstan | Kirghizistan | Macédoine du Nord | Palaos | Suède | Ukraine2 couleursJaune🗸
64%
Arabie Saoudite | Bangladesh | Maroc | Nigeria | Pakistan2 couleursVert🗸
58%
Afrique du Sud | Belize | Dominique | Équateur | Espagne | Fidji | Guatemala | Guinée Équatoriale | Haïti | Mexique | Moldavie | Nicaragua | Portugal | République Dominicaine | Salvador | Soudan du Sud6 couleurs et plusRouge🗸
51%
Afrique du Sud | Belize | Dominique | Équateur | Espagne | Fidji | Guatemala | Guinée Équatoriale | Haïti | Mexique | Moldavie | Nicaragua | Portugal | République Dominicaine | Saint-Marin | Salvador | Soudan du Sud6 couleurs et plusJaune🗸
49%
Afrique du Sud | Belize | Dominique | Équateur | Espagne | Fidji | Guatemala | Guinée Équatoriale | Haïti | Mexique | Moldavie | Nicaragua | Portugal | République Dominicaine | Saint-Marin | Salvador | Soudan du Sud6 couleurs et plusVert🗸
48%
Afrique du Sud | Belize | Dominique | Équateur | Espagne | Fidji | Guatemala | Guinée Équatoriale | Haïti | Mexique | Nicaragua | Portugal | République Dominicaine | Saint-Marin | Salvador | Soudan du Sud6 couleurs et plusBlanc🗸
46%
Afrique du Sud | Belize | Équateur | Espagne | Fidji | Guatemala | Guinée Équatoriale | Haïti | Mexique | Moldavie | Nicaragua | Portugal | République Dominicaine | Saint-Marin | Salvador | Soudan du Sud6 couleurs et plusBleu🗸
46%
Afrique du Sud | Belize | Dominique | Équateur | Espagne | Fidji | Guatemala | Guinée Équatoriale | Haïti | Mexique | Moldavie | Portugal | République Dominicaine | Saint-Marin | Salvador | Soudan du Sud6 couleurs et plusNoir🗸
46%
Azerbaïdjan | Birmanie | Brésil | Djibouti | Émirats Arabes Unis | Érythrée | Éthiopie | Gambie | Ghana | Guinée-Bissau | Île Maurice | Îles Salomon | Inde | Irak | Jordanie | Kenya | Koweït | Lesotho | Libye | Ouzbékistan | São Tomé-et-Principe | Soudan | Suriname | Syrie | Tadjikistan | Tanzanie | Togo | Vanuatu | Zambie4 couleursVert🗸
45%
Azerbaïdjan | Brésil | Cambodge | Cap-Vert | Corée du Sud | Djibouti | Érythrée | Éthiopie | Gambie | Île Maurice | Îles Salomon | Inde | Lesotho | Liechtenstein | Malaisie | Ouzbékistan | Philippines | Sainte-Lucie | Slovénie | Tanzanie | Tuvalu | Uruguay | Venezuela4 couleursBleu🗸
43%
Azerbaïdjan | Birmanie | Brunei | Cambodge | Cap-Vert | Corée du Sud | Djibouti | Égypte | Émirats Arabes Unis | Érythrée | Éthiopie | Gambie | Ghana | Guinée-Bissau | Île Maurice | Irak | Jordanie | Kenya | Koweït | Libye | Liechtenstein | Malaisie | Malte | Ouzbékistan | Papouasie-Nouvelle-Guinée | Philippines | São Tomé-et-Principe | Slovénie | Soudan | Suriname | Syrie | Tadjikistan | Timor Oriental | Togo | Tuvalu | Vanuatu | Venezuela | Zambie4 couleursRouge🗸
42%
Bhoutan | Birmanie | Brésil | Brunei | Cap-Vert | Égypte | Érythrée | Éthiopie | Ghana | Guinée-Bissau | Île Maurice | Îles Salomon | Liechtenstein | Malaisie | Papouasie-Nouvelle-Guinée | Philippines | Sainte-Lucie | São Tomé-et-Principe | Slovénie | Suriname | Tadjikistan | Tanzanie | Timor Oriental | Togo | Tuvalu | Uruguay | Vanuatu | Venezuela4 couleursJaune🗸
42%
Azerbaïdjan | Bhoutan | Birmanie | Brésil | Brunei | Cambodge | Cap-Vert | Corée du Sud | Djibouti | Égypte | Émirats Arabes Unis | Gambie | Îles Salomon | Inde | Irak | Jordanie | Kenya | Koweït | Lesotho | Libye | Malaisie | Malte | Ouzbékistan | Papouasie-Nouvelle-Guinée | Philippines | Sainte-Lucie | Slovénie | Soudan | Suriname | Syrie | Tadjikistan | Timor Oriental | Togo | Tuvalu | Uruguay | Venezuela4 couleursBlanc🗸
40%
Andorre | Antigua-et-Barbuda | Comores | Croatie | Eswatini | Guyana | Kiribati | Monténégro | Mozambique | Namibie | Ouganda | République Centrafricaine | Saint-Christophe-et-Niévès | Serbie | Seychelles | Sri Lanka | Turkménistan | Vatican | Zimbabwe5 couleursRouge🗸
36%
Andorre | Antigua-et-Barbuda | Comores | Croatie | Eswatini | Guyana | Kiribati | Monténégro | Mozambique | Namibie | Ouganda | République Centrafricaine | Saint-Christophe-et-Niévès | Serbie | Seychelles | Sri Lanka | Turkménistan | Vatican | Zimbabwe5 couleursJaune🗸
36%
Bhoutan | Brunei | Cambodge | Corée du Sud | Égypte | Émirats Arabes Unis | Ghana | Guinée-Bissau | Irak | Jordanie | Kenya | Koweït | Lesotho | Libye | Liechtenstein | Malte | Papouasie-Nouvelle-Guinée | Sainte-Lucie | São Tomé-et-Principe | Soudan | Syrie | Tanzanie | Timor Oriental | Vanuatu | Zambie4 couleursNoir🗸
35%
Andorre | Antigua-et-Barbuda | Comores | Croatie | Eswatini | Kiribati | Monténégro | Namibie | République Centrafricaine | Serbie | Seychelles5 couleursBleu🗸
31%
Antigua-et-Barbuda | Comores | Croatie | Eswatini | Guyana | Kiribati | Monténégro | Mozambique | Namibie | Ouganda | République Centrafricaine | Saint-Christophe-et-Niévès | Serbie | Seychelles | Turkménistan | Vatican | Zimbabwe5 couleursBlanc🗸
31%
Comores | Guyana | Monténégro | Mozambique | Namibie | République Centrafricaine | Saint-Christophe-et-Niévès | Seychelles | Sri Lanka | Turkménistan | Zimbabwe5 couleursVert🗸
28%
Afghanistan | Albanie2 couleursNoir🗸
26%
Antigua-et-Barbuda | Croatie | Eswatini | Guyana | Kiribati | Mozambique | Ouganda | Saint-Christophe-et-Niévès | Serbie | Sri Lanka | Turkménistan | Vatican | Zimbabwe5 couleursNoir🗸
15%

Distribution des résultats

Percentile par nombre de réponses

% des personnes avec chaque résultat

Votre développement - résultats

Vous n’avez pas pris ce quiz